=LDR 00000nam 2200000 4500 =001 INLIS000000000037362 =005 20140705120954.0 =006 =007 =008 Eng =035 ##$$0010-061300000037362 =041 ##$$a Eng =082 ##$$a 813 =090 ##$$a 813, Pra e =100 ##$$a Pratchett, Terry =245 ##$$a Equal rites, terry Pratchett; alih bahasa, Anom S, Sandy.T =260 ##$$a 2011 $b Jakarta =300 ##$$a 326 hlm, 21 cm =650 ##$$a Fiksi Indonesia =700 ##$$a Anom S =850 ##$$a NBPNMAT =990 ##$$a 91956/BPAP-NTB/2014 =990 ##$$a 0001/BPAP-NTB/20142014 =990 ##$$a 0001/BPAP-NTB/20142015